| 000 | 00634nam a2200193 i 4500 | ||
|---|---|---|---|
| 001 | 120811 | ||
| 003 | ES-MaACL | ||
| 005 | 20250821111916.0 | ||
| 007 | t| | ||
| 008 | 070214s1969 sp r ||||1| spa d | ||
| 100 | 1 |
_aPrampolini, Giacomo. _993651 |
|
| 245 | 1 | 3 |
_aLa mitología en la vida de los pueblos / _cGiacomo Prampolini ; traducción de Luis Monreal Tejada. |
| 260 |
_aBarcelona : _bMontaner y Simón, _c1969. |
||
| 300 |
_a2 v., 42 lám. : _bil. ; _c29 cm. |
||
| 650 | 4 |
_aMitología. _915092 |
|
| 700 | 1 |
_aMonreal y Tejada, Luis, _d1912-2005 _982274 |
|
| 852 |
_aES-MaACL _jC-37458-59 _bR.76715 |
||
| 999 |
_c120811 _d120811 |
||